[Event "Olympiad-45"]
[Site "Budapest"]
[Date "2024.09.20"]
[Round "9.4"]
[White "Bengherabi, Khalil"]
[Black "Goh, Wei Ming Kevin"]
[Result "1/2-1/2"]
[WhiteElo "2076"]
[BlackElo "2449"]
[PlyCount "118"]
[EventDate "2024.09.11"]
[EventType "team-swiss"]
[EventRounds "11"]
[EventCountry "HUN"]
[SourceTitle "EXT 2025"]
[Source "ChessBase"]
[SourceDate "2024.10.14"]
[SourceVersion "1"]
[SourceVersionDate "2024.10.14"]
[SourceQuality "1"]
[WhiteTeam "Algeria"]
[BlackTeam "Singapore"]
[WhiteTeamCountry "ALG"]
[BlackTeamCountry "SIN"]

1. e4 e6 2. d4 d5 3. Nd2 Be7 4. Bd3 c5 5. dxc5 Nf6 6. Qe2 a5 7. Ngf3 0-0 8. 0-0 Na6 9. e5 Nd7 10. c3 Naxc5 11. Bc2 b5 12. Nd4 Qc7 13. f4 b4 14. Rf3 f5 15. Rh3 Rf7 16. g4 Nf8 17. gxf5 exf5 18. Qg2 Ne4 19. Bb3 Qd8 20. Nxe4 fxe4 21. f5 Bxf5 22. Nxf5 Rxf5 23. Qxe4 Qb6+ 24. Be3 Qg6+ 25. Qg2 Qxg2+ 26. Kxg2 Rxe5 27. Rd1 Rd8 28. Bb6 Rd7 29. Re3 Rg5+ 30. Rg3 Ne6 31. Rxg5 Bxg5 32. Bxa5 bxc3 33. bxc3 Kf8 34. c4 d4 35. Rf1+ Nf4+ 36. Kg3 Rf7 37. c5 Rf6 38. Bb4 Bh4+ 39. Kg4 g5 40. c6+ Ke8 41. Ba4 Kf7 42. Rxf4 Rxf4+ 43. Kh3 Rf1 44. Bd2 Ke6 45. c7 Rf8 46. Bb5 Rc8 47. Ba5 Kd6 48. Ba6 Rxc7 49. Bxc7+ Kxc7 50. Kg4 Kb6 51. Bd3 Ka5 52. Bxh7 Kb4 53. Kf3 Be1 54. Ke2 Bc3 55. h3 Kc5 56. Kd3 Kb4 57. Bg6 Ka3 58. Bf7 Kb4 59. Bg8 Ka3 1/2-1/2

[Event "Titled Tuesday intern op 12th Dec Early"]
[Site "Chess.com INT"]
[Date "2023.12.12"]
[Round "1"]
[White "Begunov, Konstantin"]
[Black "Goh, Wei Ming Kevin"]
[Result "0-1"]
[WhiteElo "2325"]
[BlackElo "2471"]
[PlyCount "58"]
[EventDate "2023.12.12"]
[EventType "swiss (blitz)"]
[EventRounds "11"]
[EventCountry "USA"]
[SourceTitle "CBM 217 Extra"]
[Source "ChessBase"]
[SourceDate "2024.01.31"]
[SourceVersion "1"]
[SourceVersionDate "2024.01.31"]
[SourceQuality "1"]

1. d4 Nf6 2. c4 e6 3. Nf3 c5 4. Nc3 cxd4 5. Nxd4 Nc6 6. g3 Qb6 7. Nc2 Bc5 8. e3 0-0 9. Bg2 Ne5 10. b3 Qc7 11. 0-0 a6 12. Bb2 Rb8 13. Rc1 b6 14. Na4 Be7 15. Qd4 d6 16. Rfd1 Bd7 17. Nc3 Bc6 18. e4 Rfd8 19. Ne3 Ba8 20. h3 Rbc8 21. Kh2 Qb8 22. Na4 b5 23. cxb5 axb5 24. Nb6 Rxc1 25. Rxc1 Nc6 26. Rxc6 Bxc6 27. a4 e5 28. Qb4 Qxb6 29. Nc4 Qxf2 0-1

[Event "Titled Tuesday intern op 12th Dec Early"]
[Site "Chess.com INT"]
[Date "2023.12.12"]
[Round "4"]
[White "Colbow, Collin"]
[Black "Goh, Wei Ming Kevin"]
[Result "0-1"]
[WhiteElo "2383"]
[BlackElo "2471"]
[PlyCount "36"]
[EventDate "2023.12.12"]
[EventType "swiss (blitz)"]
[EventRounds "11"]
[EventCountry "USA"]
[SourceTitle "CBM 217 Extra"]
[Source "ChessBase"]
[SourceDate "2024.01.31"]
[SourceVersion "1"]
[SourceVersionDate "2024.01.31"]
[SourceQuality "1"]

1. b3 e5 2. Bb2 Nc6 3. e3 Nf6 4. c4 d5 5. cxd5 Nxd5 6. Nc3 Ndb4 7. Qb1 Nd4 8. exd4 exd4 9. Qe4+ Be7 10. Nb5 f5 11. Qe5 0-0 12. Bc4+ Kh8 13. 0-0-0 c6 14. Nc7 Bf6 15. Qg3 b5 16. Nxa8 bxc4 17. Qc7 Nd3+ 18. Kb1 Qd5 0-1

[Event "Titled Tuesday intern op 12th Dec Early"]
[Site "Chess.com INT"]
[Date "2023.12.12"]
[Round "11"]
[White "Manukian, Artak"]
[Black "Goh, Wei Ming Kevin"]
[Result "1-0"]
[WhiteElo "2196"]
[BlackElo "2471"]
[PlyCount "63"]
[EventDate "2023.12.12"]
[EventType "swiss (blitz)"]
[EventRounds "11"]
[EventCountry "USA"]
[SourceTitle "CBM 217 Extra"]
[Source "ChessBase"]
[SourceDate "2024.01.31"]
[SourceVersion "1"]
[SourceVersionDate "2024.01.31"]
[SourceQuality "1"]

1. e4 c5 2. Nf3 d6 3. Bb5+ Nc6 4. 0-0 Bd7 5. Re1 Nf6 6. c3 a6 7. Bxc6 Bxc6 8. d4 Bxe4 9. Bg5 Bd5 10. Bxf6 gxf6 11. Nbd2 cxd4 12. c4 Bc6 13. Nxd4 Rg8 14. Nxc6 bxc6 15. Qf3 Qc7 16. Qxf6 Rg6 17. Qf3 e6 18. b4 0-0-0 19. a4 Bh6 20. Nb3 d5 21. Nc5 Rdg8 22. g3 Qf4 23. Qxf4 Bxf4 24. cxd5 exd5 25. Nxa6 Bd6 26. Nc5 Rg4 27. Nd3 Rd4 28. Red1 Bxb4 29. Ne5 Bc3 30. Nxc6 Rxd1+ 31. Rxd1 Kc7 32. Ne7 1-0

[Event "Titled Tuesday intern op 08th Aug Early"]
[Site "Chess.com INT"]
[Date "2023.08.08"]
[Round "7"]
[White "Lopez Gracia, Fernando"]
[Black "Goh, Wei Ming Kevin"]
[Result "0-1"]
[WhiteElo "2252"]
[BlackElo "2473"]
[PlyCount "96"]
[EventDate "2023.08.08"]
[EventType "swiss (blitz)"]
[EventRounds "11"]
[EventCountry "USA"]
[SourceTitle "EXT 2024"]
[Source "ChessBase"]
[SourceDate "2023.10.10"]
[SourceVersion "1"]
[SourceVersionDate "2023.10.10"]
[SourceQuality "1"]

1. e4 e6 2. d4 d5 3. e5 c5 4. c3 Nc6 5. Nf3 Nh6 6. Bxh6 gxh6 7. Bd3 Qb6 8. Qe2 c4 9. Bc2 Qxb2 10. 0-0 Qxa1 11. Ba4 Bd7 12. Qc2 b5 13. Bxb5 Rb8 14. Na3 Qxf1+ 15. Kxf1 Bxa3 16. Qa4 Rxb5 17. Qxb5 0-0 18. Qa4 Be7 19. Qc2 Rb8 20. Qd2 Bf8 21. g4 a5 22. Qf4 Ne7 23. h4 Rb2 24. Qf6 Rxa2 25. g5 h5 26. Qf4 a4 27. Qc1 a3 28. Ne1 Rb2 29. Qa1 Nf5 30. Ng2 Ba4 31. Ne3 Nxe3+ 32. fxe3 Bc2 33. Kf2 Bf5+ 34. Kf3 Rc2 35. Kg3 a2 36. Kf3 Rd2 37. Kg3 Bb1 38. g6 hxg6 39. Kf4 Ba3 40. Kg5 Bb2 41. e4 Bxa1 42. exd5 exd5 43. e6 fxe6 44. Kf6 Bxc3 45. Kxe6 a1Q 46. Kxd5 Qa5+ 47. Kxc4 Rxd4+ 48. Kb3 Qb4# 0-1

[Event "Singapore Olympic Esports Gp-A"]
[Site "Singapore"]
[Date "2023.06.23"]
[Round "2.3"]
[White "Bortnyk, Olexandr"]
[Black "Goh, Wei Ming Kevin"]
[Result "1-0"]
[WhiteElo "2605"]
[BlackElo "2473"]
[PlyCount "77"]
[EventDate "2023.06.23"]
[EventType "tourn (blitz)"]
[EventRounds "5"]
[EventCountry "SIN"]
[EventCategory "14"]
[SourceTitle "CBM 214 Extra"]
[Source "ChessBase"]
[SourceDate "2023.07.31"]
[SourceVersion "1"]
[SourceVersionDate "2023.07.31"]
[SourceQuality "1"]

1. e4 c5 2. c3 d5 3. exd5 Qxd5 4. d4 g6 5. Nf3 Nf6 6. Na3 cxd4 7. Bc4 Qa5 8. Nb5 a6 9. Nbxd4 Bg7 10. 0-0 0-0 11. Bf4 Nbd7 12. b4 Qd8 13. Re1 Nb6 14. Bb3 Nbd5 15. Bd2 e6 16. c4 Ne7 17. Bc3 Bd7 18. Ne5 Rc8 19. Qf3 Nc6 20. Ndxc6 Bxc6 21. Nxc6 Rxc6 22. Rad1 Qe7 23. c5 Nh5 24. Bxg7 Nxg7 25. Ba4 Rc7 26. Qf4 Rfc8 27. Rd3 Nf5 28. Red1 Qf6 29. g4 Qh4 30. h3 Ne7 31. Rd8+ Kg7 32. R1d7 Rxd7 33. Rxd7 b5 34. cxb6 Rf8 35. b7 Nd5 36. Rxd5 exd5 37. b8Q Rxb8 38. Qxb8 Qxh3 39. Qg3 1-0

[Event "Singapore Olympic Esports Gp-A"]
[Site "Singapore"]
[Date "2023.06.23"]
[Round "3.1"]
[White "Goh, Wei Ming Kevin"]
[Black "Nguyen, Ngoc Truong Son"]
[Result "0-1"]
[WhiteElo "2473"]
[BlackElo "2645"]
[PlyCount "90"]
[EventDate "2023.06.23"]
[EventType "tourn (blitz)"]
[EventRounds "5"]
[EventCountry "SIN"]
[EventCategory "14"]
[SourceTitle "CBM 214 Extra"]
[Source "ChessBase"]
[SourceDate "2023.07.31"]
[SourceVersion "1"]
[SourceVersionDate "2023.07.31"]
[SourceQuality "1"]

1. e4 e5 2. Nf3 Nc6 3. Bc4 Nf6 4. d3 h6 5. 0-0 d6 6. c3 g5 7. Re1 Bg7 8. Nbd2 0-0 9. Nf1 Ne7 10. d4 Ng6 11. Ng3 c6 12. Bb3 Qc7 13. Nf5 Bxf5 14. exf5 Ne7 15. dxe5 dxe5 16. Nxe5 Nxf5 17. Qc2 Nd6 18. f4 g4 19. f5 Rfe8 20. Bf4 Nh5 21. Ng6 Nxf4 22. Nxf4 Qa5 23. f6 Qg5 24. fxg7 Rxe1+ 25. Rxe1 Qxf4 26. Rf1 Qe3+ 27. Kh1 Kxg7 28. Qd1 Rd8 29. Qxg4+ Qg5 30. Qf3 Qg6 31. Qf2 Rd7 32. Qd4+ Kg8 33. h3 Re7 34. Qxa7 Ne4 35. Qb8+ Kg7 36. Rf3 Ng5 37. Rf1 Ne4 38. Rf3 Ng5 39. Rg3 Re1+ 40. Kh2 Qb1 41. Rg4 Rh1+ 42. Kg3 Qe1+ 43. Kf4 Qe4+ 44. Kg3 Qe3+ 45. Kh4 Rxh3+ 0-1

[Event "Singapore Olympic Esports Gp-A"]
[Site "Singapore"]
[Date "2023.06.23"]
[Round "4.2"]
[White "Goh, Wei Ming Kevin"]
[Black "Tin, Jingyao"]
[Result "0-1"]
[WhiteElo "2473"]
[BlackElo "2570"]
[PlyCount "57"]
[EventDate "2023.06.23"]
[EventType "tourn (blitz)"]
[EventRounds "5"]
[EventCountry "SIN"]
[EventCategory "14"]
[SourceTitle "CBM 214 Extra"]
[Source "ChessBase"]
[SourceDate "2023.07.31"]
[SourceVersion "1"]
[SourceVersionDate "2023.07.31"]
[SourceQuality "1"]

1. e4 e5 2. Nf3 Nc6 3. Bc4 Nf6 4. d3 Bc5 5. 0-0 d6 6. c3 a5 7. Re1 Ba7 8. Nbd2 h6 9. Nf1 0-0 10. h3 Be6 11. Bb5 Ne7 12. d4 Ng6 13. Ng3 c6 14. Bd3 Re8 15. Bd2 Qc7 16. Qc2 Rad8 17. Rad1 b5 18. a4 bxa4 19. Qxa4 Rb8 20. Qa1 d5 21. exd5 Bxd5 22. dxe5 Bxf3 23. gxf3 Nxe5 24. Rxe5 Qxe5 25. Kg2 Rbd8 26. Bf1 Nh5 27. Qa4 Nxg3 28. fxg3 Qc5 29. Bc4 0-1

[Event "Singapore Olympic Esports Gp-A"]
[Site "Singapore"]
[Date "2023.06.23"]
[Round "4.1"]
[White "Tin, Jingyao"]
[Black "Goh, Wei Ming Kevin"]
[Result "1-0"]
[WhiteElo "2570"]
[BlackElo "2473"]
[PlyCount "91"]
[EventDate "2023.06.23"]
[EventType "tourn (blitz)"]
[EventRounds "5"]
[EventCountry "SIN"]
[EventCategory "14"]
[SourceTitle "CBM 214 Extra"]
[Source "ChessBase"]
[SourceDate "2023.07.31"]
[SourceVersion "1"]
[SourceVersionDate "2023.07.31"]
[SourceQuality "1"]

1. d4 Nf6 2. c4 e6 3. Nc3 c5 4. d5 exd5 5. cxd5 d6 6. Nf3 g6 7. Bf4 a6 8. a4 Bg7 9. e3 0-0 10. h3 Ne8 11. Be2 Nd7 12. 0-0 Ne5 13. e4 Nxf3+ 14. Bxf3 Nc7 15. Re1 Re8 16. Qd2 Rb8 17. e5 Bxe5 18. Bxe5 Rxe5 19. Rxe5 dxe5 20. Qe3 Bf5 21. Qxe5 f6 22. Qf4 Ne8 23. Be4 Qd6 24. Qf3 Bd7 25. a5 f5 26. Bd3 Nf6 27. Re1 Re8 28. Rxe8+ Bxe8 29. Bc4 Kg7 30. Qe3 Bf7 31. g3 Kf8 32. b3 Nd7 33. Ne2 Qe5 34. Qh6+ Qg7 35. Qd2 Qe5 36. Nf4 Qd6 37. Qe3 Ne5 38. Qc3 Ke7 39. Qe3 Kd8 40. Nd3 Nxd3 41. Qxd3 Qe5 42. Qd2 Kd7 43. Qh6 Qe1+ 44. Kg2 Qe4+ 45. Kh2 Qe1 46. Qf4 1-0

[Event "SGP-ch 74th"]
[Site "Singapore"]
[Date "2023.02.11"]
[Round "8"]
[White "Goh, Wei Ming Kevin"]
[Black "Siddharth, Jagadeesh"]
[Result "1-0"]
[WhiteElo "2456"]
[BlackElo "2396"]
[PlyCount "53"]
[EventDate "2023.01.27"]
[EventType "swiss"]
[EventRounds "9"]
[EventCountry "SIN"]
[SourceTitle "EXT 2024"]
[Source "ChessBase"]
[SourceDate "2023.10.10"]
[SourceVersion "1"]
[SourceVersionDate "2023.10.10"]
[SourceQuality "1"]

1. e4 c5 2. Nf3 d6 3. d4 cxd4 4. Nxd4 Nf6 5. Nc3 Nc6 6. Bc4 Qb6 7. Nxc6 bxc6 8. 0-0 g6 9. Qe1 Qc7 10. Bf4 Nd7 11. Rd1 Bg7 12. Qd2 0-0 13. b3 Nc5 14. Bh6 Bxh6 15. Qxh6 Be6 16. Rd4 Bxc4 17. Rxc4 f5 18. e5 a5 19. Re1 Qd7 20. h4 Ne6 21. h5 g5 22. Rxc6 Qxc6 23. Qxe6+ Kh8 24. Nd5 Rad8 25. c4 Qd7 26. Qh6 e6 27. exd6 1-0

[Event "SGP-ch 74th"]
[Site "Singapore"]
[Date "2023.02.03"]
[Round "4"]
[White "Goh, Wei Ming Kevin"]
[Black "Paciencia, Enrique Rivas"]
[Result "1-0"]
[WhiteElo "2456"]
[BlackElo "2267"]
[PlyCount "51"]
[EventDate "2023.01.27"]
[EventType "swiss"]
[EventRounds "9"]
[EventCountry "SIN"]
[SourceTitle "CBM 212 Extra"]
[Source "ChessBase"]
[SourceDate "2023.03.31"]
[SourceVersion "1"]
[SourceVersionDate "2023.03.31"]
[SourceQuality "1"]

1. e4 e5 2. Nf3 Nc6 3. d4 exd4 4. Nxd4 Bc5 5. Nb3 Bb4+ 6. c3 Be7 7. f4 d6 8. N1d2 d5 9. e5 Nh6 10. Nf3 0-0 11. Bd3 Bf5 12. 0-0 Qd7 13. Be3 Rad8 14. h3 f6 15. Bb5 Qc8 16. Bxc6 bxc6 17. Bc5 Rf7 18. Nfd4 Bxc5 19. Nxc5 fxe5 20. fxe5 Rdf8 21. Qe2 Qe8 22. e6 Re7 23. Qe5 Qg6 24. Nd7 Rf6 25. Nxf6+ gxf6 26. Nxf5 1-0

[Event "Budapest Vezerkepzo Christmas GM"]
[Site "Budapest"]
[Date "2023.01.02"]
[Round "7"]
[White "Tancsa, Tamas"]
[Black "Goh, Wei Ming Kevin"]
[Result "0-1"]
[WhiteElo "2258"]
[BlackElo "2452"]
[PlyCount "180"]
[EventDate "2022.12.26"]
[EventType "tourn"]
[EventRounds "9"]
[EventCountry "HUN"]
[SourceTitle "CBM 212 Extra"]
[Source "ChessBase"]
[SourceDate "2023.03.31"]
[SourceVersion "1"]
[SourceVersionDate "2023.03.31"]
[SourceQuality "1"]

1. e4 c5 2. Nf3 d6 3. Bb5+ Nd7 4. 0-0 Ngf6 5. Re1 a6 6. Bf1 b5 7. d3 Bb7 8. c3 e6 9. Nbd2 Be7 10. g3 0-0 11. Bg2 Qc7 12. h3 Rfd8 13. Qe2 Ne5 14. d4 Nxf3+ 15. Bxf3 cxd4 16. cxd4 Qc2 17. e5 Bxf3 18. Qxf3 dxe5 19. dxe5 Nd7 20. Nb3 Nb6 21. Be3 Nc4 22. Nd4 Qxb2 23. Nc6 Bf8 24. Nxd8 Rxd8 25. Rad1 Nxe5 26. Qh5 Rxd1 27. Qxd1 Qxa2 28. f4 Nc4 29. Bf2 g6 30. Qd8 Qa3 31. f5 Qd6 32. Rd1 Qc6 33. Qf6 Nd2 34. fxe6 fxe6 35. h4 Ne4 36. Qf3 Qc2 37. Be3 Nxg3 38. Rd2 Qc1+ 39. Rd1 Qc7 40. Rc1 Qb8 41. Qf6 Qe8 42. Rc7 Nf5 43. Bd4 Nxd4 44. Qxd4 a5 45. Qa7 a4 46. Kf1 a3 47. h5 b4 48. Rxh7 a2 49. Rc7 Qd8 50. Rc1 Qd3+ 51. Kg1 Qb1 52. Rf1 Bc5+ 53. Qxc5 Qxf1+ 54. Kxf1 a1Q+ 55. Kg2 Qb2+ 56. Kg1 gxh5 57. Qc8+ Kf7 58. Qc7+ Kg6 59. Qg3+ Kf5 60. Qh3+ Ke4 61. Qxe6+ Qe5 62. Qg6+ Kd4 63. Qb6+ Kc3 64. Qc6+ Kd3 65. Qa6+ Ke3 66. Qh6+ Kf3 67. Qf8+ Qf4 68. Qa8+ Qe4 69. Qf8+ Ke3 70. Qh6+ Kd3 71. Qa6+ Kd2 72. Qd6+ Kc2 73. Qc5+ Kd3 74. Qb5+ Kd2 75. Qd7+ Kc1 76. Qc7+ Kb1 77. Qa5 h4 78. Qa4 Qe1+ 79. Kh2 Qf2+ 80. Kh1 Qe1+ 81. Kh2 Kb2 82. Qb5 b3 83. Qa4 Qg3+ 84. Kh1 Qf3+ 85. Kh2 h3 86. Qd4+ Qc3 87. Qf2+ Qc2 88. Kh1 Kb1 89. Qf1+ Qc1 90. Kh2 Qxf1 0-1

[Event "Budapest Vezerkepzo Christmas GM"]
[Site "Budapest"]
[Date "2022.12.28"]
[Round "3"]
[White "Nemeth, Miklos"]
[Black "Goh, Wei Ming Kevin"]
[Result "0-1"]
[WhiteElo "2443"]
[BlackElo "2452"]
[PlyCount "80"]
[EventDate "2022.12.26"]
[EventType "tourn"]
[EventRounds "9"]
[EventCountry "HUN"]
[SourceTitle "CBM 212 Extra"]
[Source "ChessBase"]
[SourceDate "2023.03.31"]
[SourceVersion "1"]
[SourceVersionDate "2023.03.31"]
[SourceQuality "1"]

1. e4 c5 2. Nf3 d6 3. d4 cxd4 4. Nxd4 Nf6 5. Nc3 g6 6. Be2 Bg7 7. 0-0 Nc6 8. Nb3 0-0 9. Re1 a6 10. Bf1 b5 11. a4 b4 12. Nd5 e6 13. Nxf6+ Bxf6 14. a5 Bb7 15. Ra2 Rc8 16. Be3 Ne5 17. Qd2 Qe7 18. Bd4 Rfd8 19. f4 Nc6 20. Bb6 Rd7 21. Rd1 Nb8 22. Qxb4 Rxc2 23. Nd4 Rc8 24. Nf3 e5 25. Be3 exf4 26. Bxf4 Bxe4 27. Rxd6 Bxf3 28. gxf3 Nc6 29. Qa3 Bd4+ 30. Kg2 Be5 31. Rxd7 Qxd7 32. Qe3 Qd5 33. Ra4 Bxf4 34. Qxf4 Nxa5 35. Bxa6 Rc2+ 36. Kg3 Qc5 37. Rd4 Nc6 38. Rd2 g5 39. Qd6 Qg1+ 40. Kh3 g4+ 0-1

[Event "Sitges Sunway op 9th"]
[Site "Sitges"]
[Date "2022.12.16"]
[Round "5"]
[White "Cherniack, Alex"]
[Black "Goh, Wei Ming Kevin"]
[Result "0-1"]
[WhiteElo "2188"]
[BlackElo "2452"]
[PlyCount "78"]
[EventDate "2022.12.12"]
[EventType "swiss"]
[EventRounds "10"]
[EventCountry "ESP"]
[SourceTitle "CBM 211 Extra"]
[Source "ChessBase"]
[SourceDate "2023.01.31"]
[SourceVersion "1"]
[SourceVersionDate "2023.01.31"]
[SourceQuality "1"]

1. d4 Nf6 2. c4 e6 3. Nc3 Bb4 4. Bg5 c5 5. d5 h6 6. Bh4 Bxc3+ 7. bxc3 d6 8. e3 Qe7 9. Nf3 g5 10. Bg3 e5 11. Nd2 Bf5 12. h4 Rg8 13. hxg5 hxg5 14. f3 Nbd7 15. e4 Bg6 16. Bf2 0-0-0 17. Qa4 Kb8 18. g4 Nf8 19. Be2 Bh7 20. Be3 Rg7 21. Nf1 Ng6 22. Bxg5 Nf4 23. Bh6 Rgg8 24. Nd2 Rg6 25. Bxf4 exf4 26. 0-0-0 Rg7 27. Kb2 Nd7 28. Nb3 f5 29. gxf5 Nb6 30. Qb5 Bxf5 31. exf5 Qxe2+ 32. Nd2 Rg2 33. Kc1 Nxd5 34. Rh7 Qxd1+ 35. Kxd1 Nxc3+ 36. Ke1 Nxb5 37. cxb5 d5 38. f6 Rg6 39. f7 c4 0-1

[Event "Olympiad-44"]
[Site "Chennai"]
[Date "2022.08.02"]
[Round "5.2"]
[White "Goh, Wei Ming Kevin"]
[Black "Bogner, Sebastian"]
[Result "1/2-1/2"]
[WhiteElo "2453"]
[BlackElo "2545"]
[PlyCount "100"]
[EventDate "2022.07.29"]
[EventType "team-swiss"]
[EventRounds "11"]
[EventCountry "IND"]
[SourceTitle "CBM 210"]
[Source "ChessBase"]
[SourceDate "2022.10.31"]
[SourceVersion "1"]
[SourceVersionDate "2022.10.31"]
[SourceQuality "1"]
[WhiteTeam "Singapore"]
[BlackTeam "Switzerland"]
[WhiteTeamCountry "SIN"]
[BlackTeamCountry "SUI"]

1. e4 c5 2. Nf3 e6 3. c3 d5 4. exd5 Qxd5 5. Na3 Nf6 6. d4 Nc6 7. Nb5 Qd8 8. dxc5 Bxc5 9. Qxd8+ Kxd8 10. b4 Be7 11. Bb2 Bd7 12. Rd1 Ne8 13. Be2 a6 14. Nbd4 Nxd4 15. Rxd4 f6 16. 0-0 e5 17. Rd2 Kc7 18. a3 a5 19. Ne1 Nd6 20. Nc2 Ne4 21. Rd5 Be6 22. Ne3 Kb8 23. f3 Nd6 24. Rd2 Rc8 25. Rfd1 Nf5 26. Nxf5 Bxf5 27. Kf2 Be6 28. Bb5 Rc7 29. h4 Ka7 30. Re1 Rd8 31. Rxd8 Bxd8 32. f4 Bc4 33. Bxc4 Rxc4 34. fxe5 fxe5 35. Rxe5 Rxh4 36. Bc1 Bb6+ 37. Be3 Bxe3+ 38. Kxe3 axb4 39. axb4 Rc4 40. Kd3 Rg4 41. Re2 h5 42. c4 g5 43. Kc3 Kb6 44. Rf2 h4 45. Kd3 Kc6 46. Rf6+ Kd7 47. Rf7+ Kc8 48. Rf8+ Kd7 49. Rf7+ Kc8 50. Rf8+ Kd7 1/2-1/2

[Event "Olympiad-44"]
[Site "Chennai"]
[Date "2022.07.30"]
[Round "2.2"]
[White "Howell, David"]
[Black "Goh, Wei Ming Kevin"]
[Result "1-0"]
[WhiteElo "2650"]
[BlackElo "2453"]
[PlyCount "127"]
[EventDate "2022.07.29"]
[EventType "team-swiss"]
[EventRounds "11"]
[EventCountry "IND"]
[SourceTitle "CBM 210"]
[Source "ChessBase"]
[SourceDate "2022.10.31"]
[SourceVersion "1"]
[SourceVersionDate "2022.10.31"]
[SourceQuality "1"]
[WhiteTeam "England"]
[BlackTeam "Singapore"]
[WhiteTeamCountry "ENG"]
[BlackTeamCountry "SIN"]

1. Nf3 c5 2. c4 Nc6 3. Nc3 g6 4. e3 Nf6 5. d4 cxd4 6. exd4 d5 7. cxd5 Nxd5 8. Qb3 Nxc3 9. Bc4 Nd5 10. Bxd5 e6 11. Bxc6+ bxc6 12. 0-0 Qd5 13. Bg5 Bg7 14. Rfc1 f6 15. Be3 Bf8 16. Nd2 Be7 17. Rc3 Bd7 18. Qc2 Kf7 19. Ne4 Rhb8 20. b3 Be8 21. f3 a5 22. Nc5 Rb5 23. Rd1 Rd8 24. Rcd3 g5 25. Bf2 Kg7 26. Qe2 Bf7 27. h3 Bf8 28. Kh1 Qf5 29. Na4 Bd6 30. Nc3 Rb7 31. Ne4 Bf8 32. Rc3 Qd5 33. Rdc1 Rb6 34. Rc4 Qb5 35. Nc3 Qa6 36. Qc2 Rb4 37. Rxb4 axb4 38. Na4 Rc8 39. Qe4 Qb5 40. Bg3 Rd8 41. Bc7 Rd5 42. Nb6 Bd6 43. Bxd6 Qxb6 44. Bc5 Qa6 45. Qc2 Rd8 46. Qd2 Qa3 47. Rc2 Rb8 48. Qe1 Qa5 49. Kg1 Qb5 50. Rc4 Qa6 51. Rc2 Qb5 52. Qd2 Qa5 53. a4 Qd8 54. Qe3 Qd5 55. a5 Ra8 56. Bxb4 Qb5 57. Be1 Ra6 58. Rc5 Qb7 59. b4 Ra8 60. Qc3 Ra6 61. Qe3 h6 62. Bc3 Ra8 63. Qe4 Ra6 64. b5 1-0

[Event "SIN-ch 73rd"]
[Site "Singapore"]
[Date "2022.02.04"]
[Round "7"]
[White "Susilodinata, Andrean"]
[Black "Goh, Wei Ming Kevin"]
[Result "1-0"]
[WhiteElo "2332"]
[BlackElo "2471"]
[PlyCount "91"]
[EventDate "2022.01.21"]
[EventType "swiss"]
[EventRounds "9"]
[EventCountry "SIN"]
[SourceTitle "EXT 2023"]
[Source "ChessBase"]
[SourceDate "2022.10.05"]
[SourceVersion "1"]
[SourceVersionDate "2022.10.05"]
[SourceQuality "1"]

1. e4 e6 2. d4 d5 3. Nc3 Nf6 4. e5 Ng8 5. Bd3 c5 6. dxc5 Nd7 7. Nf3 Nxc5 8. 0-0 Bd7 9. Re1 Rc8 10. Bf1 Qb6 11. a3 Ne7 12. b4 Na4 13. Nxa4 Bxa4 14. Be3 Qc7 15. Bd3 Ng6 16. Qd2 Be7 17. Bd4 a6 18. c3 0-0 19. g3 Be8 20. Qe3 Qd7 21. h4 f5 22. exf6 Bxf6 23. h5 Nh8 24. Ng5 Bxg5 25. Qxg5 h6 26. Qg4 Rc7 27. Be5 Rc6 28. b5 Rc8 29. bxa6 bxa6 30. Bxa6 Ra8 31. Bd3 Ra4 32. Bd4 Qf7 33. Qxe6 Qxe6 34. Rxe6 Bxh5 35. Bb5 Ra5 36. a4 Rfa8 37. Rae1 Bf7 38. Rd6 Ng6 39. Bb6 Rxa4 40. Bxa4 Rxa4 41. Bd4 Ra8 42. f4 Nf8 43. Re7 h5 44. Kf2 h4 45. gxh4 Ng6 46. Rxg6 1-0

[Event "SIN-ch 73rd"]
[Site "Singapore"]
[Date "2022.01.30"]
[Round "6"]
[White "Goh, Wei Ming Kevin"]
[Black "Tin, Jingyao"]
[Result "1/2-1/2"]
[WhiteElo "2471"]
[BlackElo "2497"]
[PlyCount "41"]
[EventDate "2022.01.21"]
[EventType "swiss"]
[EventRounds "9"]
[EventCountry "SIN"]
[SourceTitle "EXT 2023"]
[Source "ChessBase"]
[SourceDate "2022.10.05"]
[SourceVersion "1"]
[SourceVersionDate "2022.10.05"]
[SourceQuality "1"]

1. e4 e5 2. Nc3 Nc6 3. Bc4 Nf6 4. d3 Na5 5. Bb3 Nxb3 6. axb3 Bb4 7. Nf3 0-0 8. 0-0 d5 9. Bg5 dxe4 10. Nxe4 Be7 11. Bxf6 Bxf6 12. Re1 Re8 13. Re3 Bg4 14. h3 Bh5 15. Qe2 b6 16. Re1 c5 17. g4 Bg6 18. Nc3 h6 19. Ne4 Re6 20. Nxf6+ gxf6 21. Qf1 1/2-1/2

[Event "FIDE World Cup"]
[Site "Krasnaya Polyana"]
[Date "2021.07.13"]
[Round "1.2"]
[White "Henriquez Villagra, Cristobal"]
[Black "Goh, Wei Ming Kevin"]
[Result "1-0"]
[WhiteElo "2606"]
[BlackElo "2478"]
[PlyCount "55"]
[EventDate "2021.07.12"]
[EventType "k.o."]
[EventRounds "8"]
[EventCountry "RUS"]
[SourceTitle "CBM 203"]
[Source "ChessBase"]
[SourceDate "2021.08.31"]
[SourceVersion "1"]
[SourceVersionDate "2021.08.31"]
[SourceQuality "1"]

1. e4 c5 2. Nf3 d6 3. Bb5+ Bd7 4. Bxd7+ Nxd7 5. 0-0 Ngf6 6. Re1 e6 7. b3 Be7 8. Bb2 0-0 9. c4 a6 10. Nc3 Ne5 11. Nxe5 dxe5 12. Re3 Qc7 13. Rh3 Rad8 14. Qe2 Nd7 15. d3 Rfe8 16. Rf1 Nf8 17. Bc1 Ng6 18. Qh5 h6 19. Ne2 Bf6 20. f4 exf4 21. Nxf4 Ne5 22. Kh1 Qe7 23. Bb2 Qc7 24. Rg3 Bg5 25. Nh3 f6 26. Nxg5 hxg5 27. Rh3 Nd7 28. Bxf6 1-0

[Event "Asia Nations online Cup final"]
[Site "Chess.com INT"]
[Date "2020.10.23"]
[Round "2.1"]
[White "Goh, Wei Ming Kevin"]
[Black "Idani, Pouya"]
[Result "0-1"]
[WhiteElo "2501"]
[BlackElo "2588"]
[PlyCount "54"]
[EventDate "2020.10.23"]
[EventType "team-k.o. (rapid)"]
[EventRounds "6"]
[EventCountry "IND"]
[SourceTitle "CBM 199 Extra"]
[Source "ChessBase"]
[SourceDate "2021.01.31"]
[SourceVersion "1"]
[SourceVersionDate "2021.01.31"]
[SourceQuality "1"]
[WhiteTeam "Singapore"]
[BlackTeam "Iran"]
[WhiteTeamCountry "SIN"]
[BlackTeamCountry "IRI"]

1. e4 c6 2. d4 d5 3. exd5 cxd5 4. Bd3 Nc6 5. c3 e6 6. Bf4 Bd6 7. Bxd6 Qxd6 8. Qg4 Nge7 9. Qxg7 Rg8 10. Qxh7 e5 11. dxe5 Qxe5+ 12. Be2 Qg5 13. Nd2 Bf5 14. Qh5 Qf6 15. Qf3 0-0-0 16. g3 d4 17. cxd4 Nxd4 18. Rc1+ Nec6 19. Qf4 Rge8 20. g4 Qe7 21. Kf1 Nxe2 22. Qxf5+ Kb8 23. Rd1 Ncd4 24. Qd3 Nxg1 25. Rxg1 Ne2 26. Qb3 Nxg1 27. Kxg1 Rxd2 0-1